Думай как дизайнер. Дизайн-мышление для менеджеров: пер. с англ.

Dades bibliogràfiques
Autor principal: Лидтка Ж. Жанна
Altres autors: Огилви Т. Тим
Sumari:Эта книга рассказывает об одном из самых актуальных трендов бизнеса — дизайн-мышлении, или способности реализовывать идеи на практике. Ее цель — превратить понятие дизайна в практический инструмент, которым любой менеджер может воспользоваться для решения сложных задач развития. На­бор новых средств включает: десять методик для объединения дизайнерского и традиционного делового подходов; словарь дизайна, переведенный на деловой язык; простые шаблоны для управления проектами, а также понятные инструкции и реальные примеры для каждого этапа внедрения инновации. Все вмес­те — реальная возможность для прибыльного роста вашего бизнеса с минимальным риском.
Idioma:rus
Publicat: Москва, Манн, Иванов и Фербер, 2015
Matèries:
Format: Llibre
KOHA link:https://koha.lib.tpu.ru/cgi-bin/koha/opac-detail.pl?biblionumber=282397

MARC

LEADER 00000nam0a2200000 4500
001 282397
005 20231101235509.0
010 |a 9785000573143 
035 |a (RuTPU)RU\TPU\book\306287 
090 |a 282397 
100 |a 20150130d2015 km y0rusy50 ca 
101 1 |a rus  |c eng 
102 |a RU 
105 |a a z 001zy 
200 1 |a Думай как дизайнер. Дизайн-мышление для менеджеров  |e пер. с англ.  |f Ж. Лидтка, Т. Огилви 
210 |a Москва  |c Манн, Иванов и Фербер  |d 2015 
215 |a 229 с.  |c ил. 
320 |a Библиогр.: с. 214-216. 
330 |a Эта книга рассказывает об одном из самых актуальных трендов бизнеса — дизайн-мышлении, или способности реализовывать идеи на практике. Ее цель — превратить понятие дизайна в практический инструмент, которым любой менеджер может воспользоваться для решения сложных задач развития. На­бор новых средств включает: десять методик для объединения дизайнерского и традиционного делового подходов; словарь дизайна, переведенный на деловой язык; простые шаблоны для управления проектами, а также понятные инструкции и реальные примеры для каждого этапа внедрения инновации. Все вмес­те — реальная возможность для прибыльного роста вашего бизнеса с минимальным риском. 
606 1 |a Дизайн  |x Психология  |2 stltpush  |3 (RuTPU)RU\TPU\subj\72332  |9 85893 
610 1 |a психология 
610 1 |a творческое мышление 
610 1 |a дизайнеры 
610 1 |a менеджеры 
610 1 |a управление 
610 1 |a визуализация 
610 1 |a майнд-мэппинг 
610 1 |a брейншторминг 
610 1 |a творческие идеи 
610 1 |a реализация 
610 1 |a дизайнерские проекты 
610 1 |a инновации 
610 1 |a управление 
610 1 |a бизнес 
686 |a Ю945  |v LBC/SL-A  |2 rubbk 
700 1 |a Лидтка  |b Ж.  |g Жанна 
701 1 |a Огилви  |b Т.  |g Тим 
801 1 |a RU  |b 63413507  |c 20150130 
801 2 |a RU  |b 63413507  |c 20150319  |g RCR 
942 |c BK 
959 |a 5/20150130  |d 1  |e 1250,00  |f ЧЗГЛ:1